ՀՀ Գիտությունների ազգային ակադեմիայի հիմնարար գիտական գրադարան  =   Fundamental Scientific Library of NAS RA

История инквизиции / (Record no. 531854)

MARC details
000 -LEADER
fixed length control field 01033nam a2200265 a 4500
001 - CONTROL NUMBER
control field 1237112
003 - CONTROL NUMBER IDENTIFIER
control field AM-YEHGA
005 - DATE AND TIME OF LATEST TRANSACTION
control field 20260129154211.0
008 - FIXED-LENGTH DATA ELEMENTS--GENERAL INFORMATION
fixed length control field 180115s1926 ru |||||||||||||0|0|rus|d
040 ## - CATALOGING SOURCE
Original cataloging agency AM-YeHGA
041 1# - LANGUAGE CODE
Language code of text/sound track or separate title rus
090 ## - LOCALLY ASSIGNED LC-TYPE CALL NUMBER (OCLC); LOCAL CALL NUMBER (RLIN)
-- 570711
100 1# - MAIN ENTRY--PERSONAL NAME
Personal name Арну, Артур
245 10 - TITLE STATEMENT
Title История инквизиции /
Statement of responsibility, etc. Артюр Арну ; Предисл. и ред. проф. Е.В.Тарле ; Пер. Н.П. Мартыновой и Е.В. Голубова.
246 13 - VARYING FORM OF TITLE
Title proper/short title Histoire de l'Inquisition
260 ## - PUBLICATION, DISTRIBUTION, ETC.
Place of publication, distribution, etc. Ленинград :
Name of publisher, distributor, etc. Время,
Date of publication, distribution, etc. 1926.
300 ## - PHYSICAL DESCRIPTION
Extent 216 с. ;
Dimensions 19 см.
650 14 - SUBJECT ADDED ENTRY--TOPICAL TERM
Topical term or geographic name entry element Համաշխարհային պատմություն
9 (RLIN) 5843
650 14 - SUBJECT ADDED ENTRY--TOPICAL TERM
Topical term or geographic name entry element История Испании
650 14 - SUBJECT ADDED ENTRY--TOPICAL TERM
Topical term or geographic name entry element Испания
General subdivision История
700 1# - ADDED ENTRY--PERSONAL NAME
Personal name Тарле, Евгений Викторович
Relator term авт. предисл., ред.
Relationship aui
-- edt
700 1# - ADDED ENTRY--PERSONAL NAME
Personal name Мартынова, Н.П.
Relator term пер.
Relationship trl
700 1# - ADDED ENTRY--PERSONAL NAME
Personal name Голубов, Е.В.
Relator term пер.
Relationship trl
942 ## - ADDED ENTRY ELEMENTS (KOHA)
Source of classification or shelving scheme Universal Decimal Classification
Koha item type Գրքեր / Books
Holdings
Withdrawn status Lost status Source of classification or shelving scheme Damaged status Not for loan Collection Home library Current library Date acquired Total checkouts Full call number Barcode Date last seen Price effective from Koha item type Public note
    Universal Decimal Classification     Kusikian Individual Collection Fundamental Scientific Library Fundamental Scientific Library 31/10/2024   Кус/171 FL0684920 31/10/2024 31/10/2024 Գրքեր / Books ILL Non-Circ.


ՀՀ ԳԱԱ հիմնարար գիտական գրադարան
ՀՀ,Երևան 0019
Մարշալ Բաղրամյան 24/6
հեռախոս:(374-10) 52-47-50
Հետադարձ կապ

All site content, except where otherwise noted, is licensed under a
Creative Commons License